000 00603nam a2200205 a 4500
001 14845
003 CO-ViMGA
008 141112s2004 ck r 000 u spa d
020 _a9588159180
040 _aCO-ViMGA
_bspa
_cCO-ViMGA
082 0 4 _a633.682 B745
100 1 _aBriñez Perez, Ana Hilda
_921550
245 1 0 _aCASABE :
_bSimbolo cohesionador de la cultura uitoto
260 _aBtá,
_cMinisterio de Cultura 2002
300 _a192.p.il.fotos.mapas.
650 1 4 _aCASABE - HISTORIA
_921551
650 1 4 _aUITOTOS - HISTORIA
_921552
650 1 4 _aYUCA - InvestigaciónES
_921553
942 _2ddc
_cBK
999 _c25329
_d25329